000 01563cam a22004577a 4500
001 12510432
003 OSt
005 20140310184340.0
008 010822s2001 nyua c b 000 0ceng d
010 _a 2001273810
020 _a0439271525
035 _a(OCoLC)ocm46489567
040 _aXSN
_cXSN
_dDLC
042 _alccopycat
_alcac
043 _an-us---
050 0 0 _aGV 994 .W49
_b.G88 2001
082 0 0 _a796.342/092/273
_aB
100 1 _aGutman, Bill.
_924508
245 1 0 _aVenus & Serena :
_bthe grand slam Williams sisters /
_cby Bill Gutman.
246 3 _aVenus and Serena
246 3 _aGrand slam Williams sisters
260 _aNew York :
_bScholastic Inc.,
_c2001
300 _a103 p. :
_bcol. ill. ;
_c20 cm.
440 0 _aScholastic biography
_96270
521 0 _aG6
526 _c840
600 1 0 _aWilliams, Venus,
_d1980-
_vJuvenile literature.
_924509
600 1 0 _aWilliams, Serena,
_d1981-
_vJuvenile literature.
_924510
600 1 1 _aWilliams, Venus,
_d1980-
_924511
600 1 1 _aWilliams, Serena,
_d1981-
_924512
650 0 _aTennis players
_zUnited States
_vBiography
_vJuvenile literature.
_924513
650 0 _aAfrican American women tennis players
_vBiography
_vJuvenile literature.
_924514
650 1 _aTennis players.
_924515
650 1 _aAfrican Americans
_vBiography.
_924516
650 1 _aWomen
_vBiography.
_924517
906 _a7
_bcbc
_ccopycat
_d2
_encip
_f20
_gy-gencatlg
942 _2lcc
_cBK-SCHOLAS
999 _c33815
_d33815